书目信息 |
| 题名: |
拿起手机, 人人都是摄影师
|
|
| 作者: | 卷毛佟 著 | |
| 分册: | ||
| 出版信息: | 北京 人民邮电出版社 2019.8 |
|
| 页数: | 224页 | |
| 开本: | 24cm | |
| 丛书名: | ||
| 单 册: | ||
| 中图分类: | J41 , TN929.53 | |
| 科图分类: | ||
| 主题词: | 移动电话机--摄影技术 | |
| 电子资源: | ||
| ISBN: | 978-7-115-50821-8 | |
| 000 | 01050nam0 2200289 45 | |
| 001 | 012001000589 | |
| 005 | 20130909101315.0 | |
| 010 | @a978-7-115-50821-8@dCNY79.00 | |
| 099 | @aCAL 012019057444 | |
| 100 | @a20190423d2019 ek y0chiy0110 ea | |
| 101 | 0 | @achi |
| 102 | @aCN@b110000 | |
| 105 | @aa z 000yy | |
| 106 | @ar | |
| 200 | 1 | @a拿起手机, 人人都是摄影师@Ana qi shou ji , ren ren dou shi she ying shi@e卷毛佟的手机摄影笔记@f卷毛佟著 |
| 210 | @a北京@c人民邮电出版社@d2019.8 | |
| 215 | @a224页@c彩图@d24cm | |
| 300 | @a其他题名:卷毛佟的手机摄影笔记 | |
| 330 | @a本书不同于传统的手机摄影教程,以大量实用有趣的案例为主。作者将自己在抖音呈现的有趣拍摄技巧还原在图书中。读者不仅可以在书中学习到光影、构图、拍摄角度等拍摄技法,还可以了解到一些创意拍摄技巧及抖音小视频的拍摄方法。 | |
| 333 | @a摄影爱好者 | |
| 517 | 1 | @a卷毛佟的手机摄影笔记 |
| 606 | 0 | @a移动电话机@x摄影技术 |
| 690 | @aJ41@v5 | |
| 690 | @aTN929.53@v5 | |
| 701 | 0 | @a卷毛佟@Ajuan mao tong@4著 |
| 801 | @aCN@b江苏凤凰@c20211018 | |
| 905 | @b1340244-7@dJ41@e424@f4 | |
| 拿起手机, 人人都是摄影师:卷毛佟的手机摄影笔记/卷毛佟著.-北京:人民邮电出版社,2019.8 |
| 224页:彩图;24cm |
| 其他题名:卷毛佟的手机摄影笔记.-使用对象:摄影爱好者 |
| ISBN 978-7-115-50821-8:CNY79.00 |
| 本书不同于传统的手机摄影教程,以大量实用有趣的案例为主。作者将自己在抖音呈现的有趣拍摄技巧还原在图书中。读者不仅可以在书中学习到光影、构图、拍摄角度等拍摄技法,还可以了解到一些创意拍摄技巧及抖音小视频的拍摄方法。 |
| ● |
| 相关链接 |
|
|
|
|
正题名:拿起手机, 人人都是摄影师
索取号:J41/424
 
预约/预借
| 序号 | 登录号 | 条形码 | 馆藏地/架位号 | 状态 | 备注 |
| 1 | 1340244 | 213402441 | 第一样本阅览室/ [索取号:J41/424] | 在馆 | |
| 2 | 1340245 | 213402450 | 第一借阅区/ [索取号:J41/424] | 在馆 | |
| 3 | 1340246 | 213402469 | 第一借阅区/ [索取号:J41/424] | 在馆 | |
| 4 | 1340247 | 213402478 | 第一借阅区/ [索取号:J41/424] | 在馆 |